| 000 | 00467nam a2200181Ia 4500 | ||
|---|---|---|---|
| 001 | 1818 | ||
| 005 | 20260306143756.0 | ||
| 008 | 260306t2011||||xx |||||||||||||| ||spa|| | ||
| 041 | _aESP | ||
| 082 |
_a155.5 _bM26 |
||
| 100 |
_aMartín Bravo, Carlos _eAUT |
||
| 245 | 0 | _aPsicología para el profesorado de educación secundaria y bachillerato | |
| 260 | _c2011 | ||
| 300 |
_a247 páginas : _c24 cm. |
||
| 650 | _aGEN | ||
| 654 | _aCPS | ||
| 942 |
_cLIB _dJUS _fJUS _2ddc _n |
||
| 999 |
_c1818 _d1818 |
||